书目信息 |
| 题名: |
英语构词法
|
|
| 作者: | 唐逸 编著 | |
| 分册: | ||
| 出版信息: | 香港 商务印书馆 1978 |
|
| 页数: | ||
| 开本: | ||
| 丛书名: | 英语自学丛书 | |
| 单 册: | ||
| 中图分类: | H314.1 | |
| 科图分类: | ||
| 主题词: | 英语 | |
| 电子资源: | ||
| ISBN: | ||
| 000 | 00533nam0 2200205 45 | |
| 001 | 0405091527 | |
| 005 | 20040509153748.0 | |
| 010 | @dCNY3.00 | |
| 100 | @a20040509d1978 km y0chiy0120 ea | |
| 101 | 0 | @achi |
| 105 | @a z 000yy | |
| 200 | 1 | @a英语构词法@AYing Yu Gou Ci Fa@f唐逸编著@FTang Yi Bian Zhu |
| 210 | @a香港@c商务印书馆@d1978 | |
| 225 | @a英语自学丛书 | |
| 410 | @12001 @a英语自学丛书 | |
| 606 | 0 | @a英语 |
| 690 | @aH314.1@v3 | |
| 701 | 0 | @a唐逸@4编著 |
| 801 | @aCN@bPftUser@c20040509 | |
| 905 | @f1@b46701@dH314.1@e185 | |
| 英语构词法/唐逸编著.-香港:商务印书馆,1978 |
| (英语自学丛书) |
| ISBN :CNY3.00 |
| ● |
| 相关链接 |
|
|
|
|
正题名:英语构词法
索取号:H314.1/185
 
预约/预借
| 序号 | 登录号 | 条形码 | 馆藏地/架位号 | 状态 | 备注 |
| 1 | 0046701 | 001370359 | 第四借阅区/ [索取号:H314.1/185] | 在馆 | |
| 2 | 0046702 | 001702571 | 第四借阅区/ [索取号:H314.1/185] | 在馆 |